[Event "83rd ESP-ch Women-ch 2018"]
[Site "Linares"]
[Date "2018.08.21"]
[Round "2"]
[White "Blazquez Gomez, Juan Carlos"]
[Black "Tejedor Fuente, Enrique"]
[Result "1/2-1/2"]
[WhiteElo "2240"]
[BlackElo "2408"]
[Annotator "TA"]
[PlyCount "236"]
[EventDate "2018.08.09"]
[EventType "tourn"]
[EventCountry "ESP"]
[SourceTitle "playchess.com"]
[Source "ChessBase"]
[SourceQuality "1"]

{[%evp 19,236,-13,-9,-25,-6,-40,-13,-21,-8,-29,-6,-46,-19,-20,-4,-5,-9,-31,0,0,0,0,0,-43,-37,-37,-33,-53,-72,-185,-174,-319,-329,-319,-322,-314,-299,-299,-194,-195,-66,-79,-53,-43,-30,-33,-31,-31,-10,-17,-19,-12,-6,-10,0,-9,-23,-84,-60,-57,-15,-15,-15,-28,-17,-53,0,0,0,-187,-188,-218,-123,-93,0,-224,-116,-156,-145,-54,0,0,0,0,42,30,45,24,28,-15,-15,-15,-15,-15,-15,-15,-15,-15,-15,-15,-15,-15,-15,-15,-15,-15,-15,-15,-15,-15,-15,-15,-15,-15,-15,-15,-15,-15,-15,-15,-15,-15,-15,-15,-15,-15,-15,-15,0,-15,-15,-15,0,-15,-15,-15,-15,-15,-15,-61,0,-15,-15,-61,0,-15,-15,-61,-15,-15,-15,-61,-61,-61,-15,-61,-15,-21,-15,-29,-15,-15,-41,-72,-15,-15,-15,-15,-15,-15,-15,-15,-14,-14,0,-15,-15,-15,-15,-15,-15,-15,0,-15,0,0,0,-15,-15,-15,-15,-135,0,-15,-15,-15,-15,-15,0,-15,-15,-15,-15,-15,0,-15,0,-15,0,-15,0,-22,0,-22,0,-72,0,-75,0]} 1. e4 c5 2. a3 g6 3. b4 Bg7 4. Nc3 Nc6 5. Rb1 d6 6. g3 b6 7. Bg2 Bb7 8. Nge2 e6 9. O-O Nge7 10. d3 O-O {LiveBook: 24 Games} 11. Be3 {B24: Closed Sicilian: 3 g3 sidelines} (11. Na2 Qd7 12. Bb2 Nd4 13. Nac1 e5 14. c4 f5 15. Nxd4 cxd4 16. Nb3 f4 17. Nd2 Kh8 18. Kh1 Ng8 {½-½ (32) Wang,C (2521)-Vitiugov,N (2734) Ningbo 2015}) 11... Qd7 12. Qd2 Rfd8 $146 ({Predecessor:} 12... Nd4 13. f4 Rab8 14. g4 f5 15. gxf5 exf5 16. Nd1 Qa4 17. Bxd4 cxd4 {1-0 (55) Murey,J (2495)-Loebler,H (2265) Graz 1996}) 13. Bh6 {The position is equal.} Bh8 14. h4 Ne5 15. f3 (15. h5 $5) 15... f6 16. Nd1 Nf7 17. Be3 Rac8 18. h5 d5 {[%cal Bd6d5,Bd5d4][%mdl 32]} 19. hxg6 hxg6 20. bxc5 bxc5 21. Nf4 d4 22. Bf2 Rc6 23. Nb2 e5 24. Bh3 (24. Ne2 $17) 24... Ng5 $1 $19 {[%cal Bf7g5,Bg5f3,Bf3d2][%mdl 32]} 25. Bxd7 (25. Kg2 {is the only way for White.} f5 26. Nd5 Nxh3 27. Nxe7+ Qxe7 28. Kxh3) 25... Nxf3+ 26. Kg2 Nxd2 27. Bxc6 Bxc6 28. Ne6 Rc8 29. Nxc5 Bb5 ({Don't play} 29... Nxf1 30. Kxf1 Rb8 31. Be1 $17) (29... f5 $1 $19 {[%cal Rf5e4]} 30. Nc4 Nxc4 31. dxc4 fxe4) 30. Nba4 $1 $15 Bxa4 31. Nxa4 Nxb1 32. Rxb1 Rxc2 33. Rb8+ $1 Rc8 34. Rb7 Nc6 35. Be1 $1 Bg7 36. Nc5 Bf8 37. Nd7 $1 {[%cal Rd7f6]} Be7 38. g4 (38. Bb4 $1 $11) 38... Kf7 39. Bb4 Nxb4 40. axb4 {[%mdl 4096] Endgame KRB-KRN} Rc2+ 41. Kf1 Ke6 42. b5 Ra2 ({Black should play} 42... Rd2 $15 43. Rxa7 Rxd3) 43. Nb8 $1 $11 Bc5 44. Nd7 $2 (44. Nc6 $11 {and White has nothing to worry.}) 44... Bd6 $19 45. Ke1 Bb4+ (45... f5 $1 $19 {[%cal Rf5e4]} 46. b6 a5 47. exf5+ gxf5 48. gxf5+ Kxf5) 46. Kf1 $17 Bd6 (46... Ra3 $17 47. Ke2 Ra2+ 48. Kf1 Bd6) 47. Ke1 $1 $19 a5 (47... f5 $19 48. b6 a5 49. exf5+ gxf5 50. gxf5+ Kxf5) 48. Ra7 a4 49. Nb6 Rb2 (49... a3 $15 50. Kd1 Rg2) 50. Nc4 $11 Rb1+ ({Don't blunder} 50... Rxb5 $2 51. Ra6 $16) 51. Ke2 Bc5 ({But not} 51... Rxb5 $2 52. Ra6 $18) 52. Rxa4 Rxb5 53. Ra6+ Ke7 $1 54. Ra5 (54. g5 {seems wilder.} fxg5 55. Rxg6 g4 56. Nxe5 Rb2+ 57. Kd1) 54... Rxa5 55. Nxa5 {KB-KN} Bb6 56. Nc4 Bc7 57. Nd2 Ke6 58. Nf3 Bd6 59. Nh4 Kf7 60. Kf3 Bb4 61. Ke2 Bf8 62. Nf3 Bh6 63. Nh4 Bf4 64. Nf3 Bg3 65. Kf1 Kf8 66. Kg2 Bf4 67. Nh4 Kf7 {With the idea ...Bg5.} 68. Kf2 $1 Bg5 69. Nf3 Bh6 70. Nh4 Bd2 71. Ke2 Bb4 (71... Bg5 {looks sharper.} 72. Nf3 Bc1 73. Nh4 Ke8 74. Kd1 Bg5) 72. Kd1 Ba3 73. Ke2 Bb4 74. Kd1 Be7 75. Nf3 Ke6 76. Ke2 Ba3 77. Nh4 Bc1 78. Kd1 Bf4 79. Ke2 Bg3 (79... Bg5 $15 80. Nf3 Bh6) 80. Nf3 Kd6 81. Kf1 Ke6 82. Ke2 Kd7 83. Kf1 Ke7 84. Kg2 Bf4 85. Nh4 Bg5 $1 {[%cal Rg5h4]} 86. Nf3 $1 Kd6 87. Kf2 Kc5 88. Ke2 Kb4 89. Ng1 Kc3 90. Nf3 Kc2 91. Ng1 {[#]} Be3 (91... f5 $1 $17 {[%mdl 512]} 92. Nf3 (92. exf5 e4) 92... fxe4 93. Ne1+ Kc3 94. dxe4 Bh4) 92. Nf3 g5 {And now ...Bc1 would win.} 93. Nh2 Bf4 94. Nf3 Kc3 {Black wants to play ...Bc1.} 95. Ng1 Bg3 96. Nf3 Bf4 97. Ng1 Bc1 98. Nf3 Kc2 99. Nh2 Be3 100. Nf3 Bf2 101. Nh2 Bg1 102. Nf3 Bf2 103. Nh2 Bg3 (103... Be1 $5) 104. Nf3 Bf4 {aiming for ...Kc3.} 105. Ng1 {[#]} (105. Ne1+ $11 {was the only way to keep the balance.} Kc3 106. Nf3) 105... Be3 (105... f5 $1 $17 {[%cal Rf5e4][%mdl 512]} 106. gxf5 (106. exf5 e4) 106... g4) 106. Nf3 Kc3 {Hoping for ...Bc1.} 107. Nh2 Bd2 {White should prevent ...Kc2.} 108. Nf3 Bf4 {next ...Bc1 is good for Black.} 109. Ng1 Kb3 (109... Kb2 {feels hotter.} 110. Nf3 Be3 111. Kd1 Bc1 112. Ke2 Ka1) 110. Nf3 Be3 {...Kc2 is the strong threat.} 111. Nh2 Kc2 (111... Ka2 {with more complications.} 112. Nf3 Ka3 113. Kd1 Kb3 114. Ke2 Bc1) 112. Nf3 Kc3 {Threatens to win with ...Bc1.} 113. Nh2 Bc1 114. Nf3 Kc2 {White must now prevent ...Kc3.} 115. Nh2 Bf4 116. Nf3 Kc3 117. Ng1 Kc2 {Strongly threatening ...f5!} 118. Nf3 Kc3 {Precision: White = 59%, Black = 42%.} ({Better is} 118... Kb1 $17 119. Ne1 Kb2) 1/2-1/2

[Event "83rd ESP-ch Women-ch 2018"]
[Site "Linares"]
[Date "2018.08.21"]
[Round "2"]
[White "Garcia Romero, Benjamin Abel"]
[Black "Suarez Uriel, Adrian"]
[Result "1-0"]
[WhiteElo "2230"]
[BlackElo "2391"]
[Annotator "TA"]
[PlyCount "75"]
[EventDate "2018.08.09"]
[EventType "tourn"]
[EventCountry "ESP"]
[SourceTitle "playchess.com"]
[Source "ChessBase"]
[SourceQuality "1"]

{[%evp 23,75,44,30,20,31,23,34,10,10,10,27,11,45,24,24,25,57,50,62,50,49,45,57,50,60,49,66,68,112,86,76,90,102,66,111,71,129,139,168,153,160,162,207,179,205,81,179,178,170,147,375,301,3768,3242]} 1. e4 c5 2. Nf3 Nc6 3. d4 cxd4 4. Nxd4 g6 5. c4 Bg7 6. Be3 Nf6 7. Nc3 O-O 8. Be2 d6 9. O-O Bd7 10. Rc1 Nxd4 11. Bxd4 Bc6 12. Qd3 a5 {LiveBook: 51 Games} 13. h4 {B38: Sicilian: Maroczy Bind with 5...Bg7 and 7...0-0} (13. b3 Nd7 14. Bxg7 Kxg7 15. Nd5 Nc5 16. Qe3 e6 17. Nc3 e5 18. Rfd1 Qe7 19. Rd2 Ne6 20. Bf1 f5 21. exf5 Rxf5 {½-½ (63) Eljanov,P (2723)-Guseinov,G (2613) Dubai 2014}) 13... h5 $146 ({Predecessor:} 13... Nd7 14. Bxg7 Kxg7 15. h5 Nc5 16. Qe3 e5 17. f4 exf4 18. Rxf4 Qe7 19. Rcf1 Rae8 20. Bd3 Qe5 {0-1 (60) Gardner,R (2222)-Morgan,B (2178) Vancouver 2001}) 14. Rfd1 Nd7 15. Qg3 {Threatening Bxh5!White is slightly better.} Bxd4 16. Rxd4 Qb6 17. Rd2 Kh7 18. Nd5 Bxd5 19. exd5 f5 20. Re1 {Black must now prevent Bxh5.} Ne5 21. Qg5 $36 {[%mdl 2048] Black is under pressure.} Rf6 22. Qf4 Rc8 23. Bf1 Qd8 24. Rc2 Qg8 25. Rc3 Rc7 26. c5 Qc8 27. Rec1 Rf7 28. Bb5 Qb8 29. g3 Rf8 ({Black should try} 29... Ng4) 30. a3 $16 {[%cal Ba2a3,Ba3b4][%mdl 32]} Rfc8 {[%cal Rc7c5]} 31. b4 axb4 32. axb4 Qa7 33. Kg2 Qa2 {[#]} 34. Bc4 (34. Qd4 $1 $18 {is the precise move to win. Threatens to win with cxd6.} Qb2 35. R1c2) 34... Qa4 (34... Nxc4 $16 {might work better.} 35. Qxc4 (35. Rxc4 b5 $11) 35... Qxc4 36. Rxc4 b5) 35. Bb3 $18 Qb5 {Strongly threatening ...Nd3.} 36. Qd4 Nd7 $2 (36... Qe8 $16 {was worth a try.} 37. f3 Rb8) 37. Re1 Nf6 $2 {[#]} (37... Ne5 38. Rce3 Qd7) 38. cxd6 $1 {[%mdl 512] Precision: White = 52%, Black = 17%.} 1-0

[Event "83rd ESP-ch Women-ch 2018"]
[Site "Linares"]
[Date "2018.08.21"]
[Round "2"]
[White "Garcia Vicente, Nieves"]
[Black "Nunez, Daniela Alejandra"]
[Result "1-0"]
[WhiteElo "2181"]
[BlackElo "2021"]
[Annotator "TA"]
[PlyCount "133"]
[EventDate "2018.08.09"]
[EventType "tourn"]
[EventCountry "ESP"]
[SourceTitle "playchess.com"]
[Source "ChessBase"]
[SourceQuality "1"]

{[%evp 24,133,0,-21,0,-1,30,31,31,31,33,34,37,33,52,16,7,11,10,0,0,0,0,0,0,0,0,0,7,0,11,0,0,0,0,0,62,0,0,0,0,0,0,0,0,0,0,0,0,0,0,0,0,0,27,0,0,-7,0,-59,0,0,70,64,327,313,341,177,185,160,379,400,465,420,475,293,314,302,289,253,315,72,146,57,265,264,262,251,413,416,416,410,391,378,350,308,450,419,412,413,412,412,400,392,566,566,546,470,1104,1460,5061,872]} 1. d4 Nf6 2. c4 e6 3. Nc3 Bb4 4. e3 O-O 5. Bd3 d5 6. Nf3 dxc4 7. Bxc4 c5 8. a3 Bxc3+ 9. bxc3 Qc7 10. Ba2 b6 11. O-O Bb7 12. h3 {E54: Nimzo-Indian: Rubinstein: Main Line: 7...dxc4 8 Bxc4} (12. Nd2 Nbd7 13. Bb2 Rad8 14. Re1 Ne4 15. Nxe4 Bxe4 16. c4 cxd4 17. exd4 Bg6 18. Qe2 Nf6 19. d5 exd5 20. Bxf6 gxf6 21. cxd5 {0-1 (47) Tkachiev,V (2637)-Wojtaszek,R (2711) Warsaw 2013}) 12... Nbd7 13. Bb2 {LiveBook: 5 Games} c4 14. a4 $146 {The position is equal.} ({Predecessor:} 14. Nd2 b5 15. Qc2 Nb6 16. Rae1 Na4 17. Bb1 e5 18. dxe5 Qxe5 19. e4 Qh5 {½-½ (28) Levitt,J (2465)-Chandler,M (2585) London 1990}) 14... Rfc8 15. Nd2 Ne4 16. f3 Nxd2 17. Qxd2 e5 18. Qf2 a6 19. Bb1 exd4 20. exd4 Nf6 21. Re1 Re8 22. Bc2 Bc6 23. Qf1 Qg3 24. Qf2 Qc7 25. Qf1 Bd5 26. Qf2 Rab8 27. Rad1 Qd7 28. Bc1 Bc6 29. Bf4 {[#] aiming for d5.} Rbc8 (29... Rxe1+ $11 30. Rxe1 Re8) 30. Ra1 (30. Re5 $1 $14) 30... Nd5 $11 31. Bd2 (31. Qh4 {keeps more tension.} h6 32. Bd2 Rxe1+ 33. Rxe1 Bxa4 34. Bxa4 Qxa4 35. Bxh6 Qc6 36. Re5) 31... Rxe1+ 32. Qxe1 Re8 33. Qf2 f5 34. Qf1 b5 35. axb5 axb5 36. Re1 Ra8 37. Ra1 Rf8 38. Re1 Qd6 39. Ra1 g6 40. Ra6 {[%cal Ba1a6,Ba6e6,Be6e1,Be1d1][%mdl 32]} Qc7 41. Qa1 ({White should try} 41. Ra1 $11) 41... Bb7 (41... Re8 $15 42. Kf2 Bb7) 42. Re6 b4 (42... Qg3 $11) 43. cxb4 $14 c3 $2 {[%mdl 8192]} (43... Qg3 $14) 44. Bh6 $18 Ra8 45. Qb1 (45. Qe1 $142 {Re8+ would kill now.} Kf7 46. Bb3) 45... Kf7 46. Re1 Qc4 $2 (46... Re8 $16) 47. Bb3 Qxd4+ 48. Be3 Qf6 49. Rd1 Qe6 50. Bd4 Rc8 51. Rc1 Qe2 52. Qc2 $2 (52. Qa1 $18 {and White stays clearly on top.}) 52... Qd2 {[#]} (52... Qxc2 $142 53. Rxc2 Ke7) 53. Bc5 (53. Bxc3 $1 $16 Qxc2 54. Rxc2) 53... Kg7 $2 (53... Re8 $14) 54. Qxd2 cxd2 55. Rd1 Nf4 $2 (55... Rc7 {might work better.} 56. Rxd2 Rd7) 56. Rxd2 {Strongly threatening Rd7+.} Bc6 57. Bd4+ Kf8 58. Be5 Nh5 59. Kf2 f4 (59... Bb5 $142 60. g4 Ng7) 60. Rc2 Bd7 61. Rxc8+ Bxc8 {[%mdl 4096] Endgame KBB-KBN} 62. Bd5 Bd7 63. Bc4 Ke7 (63... Bc6 {is a better defense.} 64. Ba6 Bd5) 64. b5 {[%cal Bb4b5,Bb5b6][%mdl 32] White is clearly winning.} Bc8 65. Bd5 Nf6 (65... g5 $142 66. b6 Kd7) 66. Bxf6+ Kxf6 67. b6 {Precision: White = 54%, Black = 38%.} 1-0

[Event "83rd ESP-ch Women-ch 2018"]
[Site "Linares"]
[Date "2018.08.21"]
[Round "2"]
[White "Roldan Marques, Daniel"]
[Black "Sanchez Aller, Fernando"]
[Result "1/2-1/2"]
[WhiteElo "2161"]
[BlackElo "2345"]
[Annotator "TA"]
[PlyCount "134"]
[EventDate "2018.08.09"]
[EventType "tourn"]
[EventCountry "ESP"]
[SourceTitle "playchess.com"]
[Source "ChessBase"]
[SourceQuality "1"]

{[%evp 20,134,52,40,60,66,71,82,75,58,97,93,114,84,80,43,35,39,46,26,26,27,21,26,35,15,25,26,20,12,24,8,8,8,8,8,8,8,8,8,8,8,8,8,8,0,8,8,8,8,8,8,8,8,8,0,8,8,8,8,8,8,8,0,0,0,0,0,0,-61,-61,-69,-69,-69,-52,-52,-52,-52,-52,-52,0,-52,-52,-52,-52,-52,-52,-52,-52,-52,-52,-52,-52,-52,-52,-52,0,-52,-52,-52,-52,-52,0,-52,0,-52,-52,-52,-52,-52,-52,-52,-52,-52,0,-52,-52]} 1. d4 {Anand,V} Nf6 2. c4 g6 3. f3 Bg7 4. e4 O-O 5. Nc3 d6 6. Be3 Nbd7 7. Nh3 c6 8. Be2 {E81: King's Indian: Sämisch: 6th move deviations (including 6 Be3 c6)} e5 9. d5 cxd5 10. cxd5 a6 11. O-O {LiveBook: 6 Games} Ne8 $146 ({Predecessor:} 11... b5 12. Nf2 Nb6 13. a4 bxa4 14. Nxa4 Nxa4 15. Qxa4 Bd7 {1-0 (61) Beliavsky,A (2640)-Gurevich,M (2650) Linares 1991 CBM 022 [Anand,V]}) 12. Rc1 f5 13. exf5 gxf5 14. f4 Bf6 15. fxe5 Bxe5 16. Bd3 Ng7 17. Nf4 Nf6 18. h3 b5 19. Ne6 Nxe6 20. dxe6 Bxe6 21. Bxf5 Qd7 22. Qd3 Rac8 23. Bxe6+ Qxe6 24. b3 Rf7 {[#] aiming for ...Rxc3.} 25. Nd5 {With the idea Rxc8+.} Rxc1 26. Nxf6+ Qxf6 27. Rxc1 Qh4 {Strongly threatening ...Qg3.} 28. Rf1 Rxf1+ 29. Kxf1 Kg7 30. Ke2 Kf6 31. g4 Kg7 32. Qf5 (32. Bc1 {with more complications.} Qf6 33. Qe4 Qg6 34. Qxg6+ Kxg6 35. Kd3) 32... Qe7 (32... Qxh3 {is interesting.} 33. Qd7+ Kf8 34. Qd8+ Kf7 35. Qd7+ Kf8) 33. Qg5+ (33. Qe4 {keeps more tension.} Qf6 34. Qb7+ Qf7 35. Qxa6 Qd5 36. Qa7+) 33... Qxg5 34. Bxg5 $11 {[%mdl 4096] Endgame KB-KB} Kf7 35. Kd3 Ke6 36. Be3 Bg3 37. Bg5 Kd5 38. h4 Be5 39. h5 Bg7 40. Be3 Ke6 41. g5 Be5 42. g6 hxg6 43. hxg6 Kf5 44. Bb6 (44. a4 $11) 44... Bf6 $1 $15 45. Ba5 d5 $1 46. a4 Kxg6 47. axb5 axb5 48. Bb6 Kf5 49. Be3 Be7 (49... Ke6 $15) 50. Bd4 (50. Kd4 $11) 50... Bd6 51. Be3 Ke6 52. Bd4 Kd7 53. Bb6 Kc6 54. Bd8 Bc5 55. Kc3 Kd7 56. Bg5 Ke6 57. Kd3 Kd7 ({Black should play} 57... Ke5 $15) 58. Bf6 ({Only move:} 58. Kc3 $1 $11) 58... Kc6 59. Bd8 Bf8 60. Bf6 Bc5 61. Bd8 $1 Kd7 62. Bf6 $1 Bb6 63. Bg5 Kc6 64. Be7 Bc7 65. Bb4 Bd6 66. Bd2 Kc5 (66... Be7 $15) 67. Bc3 ({White has to play} 67. Be3+ $1 $11 Kb4 68. Kc2) 67... Bc7 {Precision: White = 55%, Black = 68%.} 1/2-1/2

[Event "83rd ESP-ch Women-ch 2018"]
[Site "Linares"]
[Date "2018.08.21"]
[Round "2"]
[White "Badillo Ramos, Steve"]
[Black "Lopez Varela, Pablo"]
[Result "0-1"]
[WhiteElo "1901"]
[BlackElo "2100"]
[Annotator "TA"]
[PlyCount "94"]
[EventDate "2018.08.09"]
[EventType "tourn"]
[EventCountry "ESP"]
[SourceTitle "playchess.com"]
[Source "ChessBase"]
[SourceQuality "1"]

{[%evp 17,94,143,163,33,131,-53,-7,-23,-11,-54,-54,-110,-103,-158,-155,-172,-150,-169,-168,-172,-66,-67,-62,-59,-66,-114,-114,-112,-103,-106,-91,-97,-81,-83,-83,-84,-84,-74,-78,-114,-114,-114,-112,-123,-116,-196,-166,-189,-188,-333,-310,-303,-216,-310,-310,-334,-209,-209,-209,-194,-199,-194,-194,-209,-203,-1367,-1416,-1447,-618,-5435,-5353,-29968,-29970,-29970,-29971,-29972,-29973,-29976,-29978]} 1. e4 {Huzman,A} e5 2. Nf3 {[%cal Bg1f3,Bf3d4,Bd4b5,Bb5c7][%mdl 32]} d6 3. d4 exd4 4. Nxd4 Nf6 5. Nc3 Be7 6. Bf4 O-O 7. Qd2 d5 8. Ndb5 {C41: Philidor Defence} c6 9. Nc7 d4 {LiveBook: 21 Games} 10. O-O-O (10. Ne2 $18 g5 11. Be5 (11. Nxa8 gxf4 12. Qxf4 Bd6 $16) 11... Nxe4 12. Qxd4) 10... dxc3 (10... Nh5 $1 $14 11. Be5 (11. Nxa8 Nxf4 12. Qxd4 Qxd4 $11) (11. Qxd4 Qxd4 12. Rxd4 Nxf4 $15) 11... Bg5) 11. Qxd8 $2 {[#]} (11. Qxc3 $16 Nbd7 12. Nxa8) 11... cxb2+ $146 ({Predecessor:} 11... Bxd8 12. Rxd8 Rxd8 13. f3 cxb2+ 14. Kxb2 Rd1 15. Nxa8 Na6 16. g4 Ne8 17. Be3 b5 18. Bxa7 Nd6 19. Nb6 Be6 20. e5 Nb7 21. f4 {½-½ (21) Grigore,N (2391)-Vajda,L (2576) Bucharest 2003 CBM 094 [Huzman,A]}) 12. Kxb2 Bxd8 13. Nxa8 Nxe4 14. Bxb8 (14. Re1 $15 Bf6+ 15. Kc1 Nxf2 16. Rg1) 14... Bf6+ $17 15. Kc1 (15. c3 $142 Bg4 16. f3 Rxb8 17. fxg4) 15... Nxf2 {[#] ...Bg5+ is the strong threat.} 16. Be2 Bg5+ 17. Kb1 Nxd1 18. Rxd1 Be6 ({Better is} 18... Bf5 $19 19. g4 Be4) 19. Nc7 $15 Rxb8 20. Nxe6 fxe6 {[%mdl 4096] Endgame KRB-KRB} 21. Bc4 Kf7 22. Rd7+ Be7 23. c3 g6 24. Kc2 b5 25. Be2 a6 26. Bf3 Rb6 27. Rc7 c5 {[%cal Bc6c5,Bc5c4][%mdl 32]} 28. Rc6 Rxc6 29. Bxc6 $17 {KB-KB} Kf6 30. Kd3 Ke5 31. h3 (31. Bb7 $17 {is a better defense.}) 31... c4+ $19 32. Ke2 Kd6 33. Be4 (33. Bf3 $142) 33... Bf6 34. Kd2 Kc5 35. Kc2 (35. Bb7 $142) 35... a5 36. Bf3 Bh4 37. Kd2 b4 38. cxb4+ axb4 39. Ke3 b3 40. axb3 cxb3 41. Be4 $2 (41. Kd2) 41... Kc4 42. Kd2 Bg5+ 43. Kd1 Kc3 44. Bf3 Kb2 {Black mates.} 45. Be4 Ka1 46. g3 b2 47. h4 Bf6 {Precision: White = 29%, Black = 69%.} 0-1

[Event "83rd ESP-ch Women-ch 2018"]
[Site "Linares"]
[Date "2018.08.21"]
[Round "2"]
[White "Mohamed Garcia, Ismael"]
[Black "Sosa Suarez, Carla Cristina"]
[Result "*"]
[WhiteElo "1814"]
[BlackElo "2006"]
[Annotator "NA RC"]
[PlyCount "124"]
[EventDate "2018.08.09"]
[EventType "tourn"]
[EventCountry "ESP"]
[SourceTitle "playchess.com"]
[Source "ChessBase"]
[SourceQuality "1"]
[TimeControl "40/5400+30:1800+30"]

1. d4 {[%emt 0:00:00]} Nf6 {[%emt 0:00:00]} 2. Bf4 {[%emt 0:00:00]} d5 {[%emt 0:00:00]} 3. e3 {[%emt 0:00:00]} Bf5 {[%emt 0:00:35]} 4. Bd3 {[%emt 0:00:35]} e6 {[%emt 0:00:41]} 5. Bxf5 {[%emt 0:00:10]} exf5 {[%emt 0:00:05]} 6. Qd3 {[%emt 0:00:08]} g6 {[%emt 0:26:13]} 7. Qb5+ {[%emt 0:05:49]} Nbd7 {[%emt 0:00:49]} 8. Be5 Be7 9. Bxf6 Bxf6 10. Qxd5 c6 11. Qb3 c5 12. Ne2 f4 13. Qxb7 O-O 14. Qf3 Qa5+ 15. c3 cxd4 16. exd4 Qb5 17. b3 Rfe8 18. c4 Qa5+ 19. Nbc3 Bxd4 20. O-O Ne5 21. Qh3 f3 22. Nxd4 Qxc3 23. Nxf3 Nc6 24. Ng5 Qg7 25. Rad1 h6 26. Nf3 Re2 27. Rd2 Re6 28. Qg3 Rae8 29. h3 g5 30. Rfd1 Qf6 31. Kh2 Ne7 32. Rd8 Nc6 33. Rxe8+ Rxe8 34. Rd6 Re6 35. Rxe6 Qxe6 36. Qc7 Kg7 37. c5 Ne7 38. Qe5+ Qxe5+ 39. Nxe5 h5 40. Kg3 f5 41. Kf3 Kf6 42. Nd3 Ke6 43. Ke3 Kd5 44. b4 Kc4 45. a3 Nd5+ 46. Kd2 Kb3 47. c6 Kxa3 48. Nc5 Kxb4 49. Na6+ Kb5 50. c7 Ne7 51. c8=Q Nxc8 52. Nc7+ Kc4 53. Ne6 a5 54. Nxg5 a4 55. Kc1 a3 56. Nf3 Kd3 57. Nh4 Ne7 58. g4 fxg4 59. hxg4 hxg4 60. Ng2 Nd5 61. f3 gxf3 62. Ne1+ Kc3 *

[Event "83rd ESP-ch Women-ch 2018"]
[Site "Linares"]
[Date "2018.08.22"]
[Round "3"]
[White "Salgado Lopez, Ivan"]
[Black "Garza Marco, Sergio"]
[Result "1-0"]
[WhiteElo "2643"]
[BlackElo "2414"]
[Annotator "TA"]
[PlyCount "95"]
[EventDate "2018.08.09"]
[EventType "tourn"]
[EventCountry "ESP"]
[SourceTitle "playchess.com"]
[Source "ChessBase"]
[SourceQuality "1"]

{[%evp 27,95,11,17,11,22,-12,16,21,18,31,20,25,66,15,16,20,22,13,13,11,83,89,83,94,82,89,92,83,110,94,142,122,168,182,147,116,97,95,259,287,282,285,581,559,516,386,275,275,703,665,12841,12841,12841,12841,12841,12842,12842,12843,12843,12841,12842,12842,12843,12843,12843,12844,12847,12847,12848,12848]} 1. e4 {[%cal Be2e4,Be4e5][%mdl 32]} e6 2. d4 d5 3. Nc3 Bb4 4. e5 c5 5. a3 Ba5 6. b4 cxd4 7. Nb5 Bc7 8. f4 Bd7 9. Nxc7+ Qxc7 10. Nf3 Ne7 11. Bd3 {C18: French: 3 Nc3 Bb4: Main line: 7 h4 and 7 Qg4} Ba4 12. O-O Nbc6 (12... Qb6 13. Kh1 Bb5 14. Nxd4 Bxd3 15. Qxd3 Nbc6 16. Nf3 a6 17. Be3 Qb5 {½-½ (40) Vidit,S (2715)-Vitiugov,N (2730) Linares 2018}) 13. b5 Na5 14. Rb1 a6 $1 {LiveBook: 3 Games} 15. bxa6 bxa6 {[#]} 16. Kh1 $146 (16. Nxd4 {with more complications.} Nac6 17. Nf3 Na5 18. Be3 Nc4 19. Qe2) ({Predecessor:} 16. Nxd4 Nac6 17. Nf3 h6 {0-1 (42) Gabrielian,A (2579)-Khusnutdinov,R (2493) Moscow 2013}) 16... Nf5 17. Bxf5 exf5 18. Nxd4 O-O 19. Bd2 Nc4 20. Bb4 ({Better is} 20. Nxf5 $14 Rfe8 21. Rb4) 20... Ne3 $11 21. Qd3 $36 {[%mdl 2048] White has good play.} Nxf1 22. Bxf8 Rxf8 23. Rxf1 Qc4 (23... g6 $11) 24. Qxc4 $16 dxc4 {[%mdl 4096] Endgame KRB-KRN} 25. Rb1 Rd8 26. c3 Bb3 27. Kg1 h6 28. Kf1 Rd5 29. Ke2 g5 30. g3 Ra5 31. Nxb3 cxb3 32. Rxb3 {Black must now prevent c4. KR-KR} Ra4 $2 {[#]} (32... gxf4 $16 {was called for.} 33. gxf4 Ra4) 33. Kd3 $1 $18 gxf4 {[#]} 34. c4 $1 {[%cal Bc3c4,Bc4c5][%mdl 32]} fxg3 $2 (34... f3 {might work better.} 35. Kd4 f2) 35. hxg3 Kf8 36. Kd4 Ke7 37. Kd5 Ra5+ $2 (37... h5 38. Rb7+ Ke8) 38. c5 {White is clearly winning.} Rb5 39. Rxb5 axb5 {KP-KP} 40. Kc6 h5 41. Kb6 h4 42. gxh4 f4 43. h5 f3 44. h6 f2 45. h7 f1=Q 46. h8=Q Qd3 47. Qf6+ Ke8 48. Qc6+ {Precision: White = 82%, Black = 38%.} 1-0